LEADER 01368nam a2200301 4500 001 000000360356 003 CaOOAMICUS 005 20241017110612.0 008 241017s2006 gw a 000 u ger r 020 $a3-534-19068-8 020 $a978-3-534-19068-3 040 $aSeMil$bita 100 1 $aOeser, Erhard,$d<1938- >.$0(OLS)http://semarc/name/120731 245 14$aDas selbstbewusste Gehirn :$bPerspektiven der Neurophilosophie /$cErhard Oeser. 264 1$aDarmstadt :$bWissenschaftliche Buchgesellschaft,$c2006. 300 $a219 p. :$bill. ;$c23 cm 504 $aLiteraturverzeichnis, p. [201]-206 650 4$aNeuroscienze - Filosofia.$0(OLS)http://semarc/subject/48293 650 4$aNeuroscienze cognitive.$0(OLS)http://semarc/subject/56190 650 4$aMente e cervello.$0(OLS)http://semarc/subject/443 850 $aSeMil 852 $aSeMil$W1$xVenegono$y1$m3X VI 120$j251784$B251380$CSeMilBibl$Z2$F251380 $81 961 $aBuzzi mons. Franco - Omaggio 996 $6020$a3-534-19068-8$9(OLS)http://semarc/number/301568 996 $6020$a978-3-534-19068-3$9(OLS)http://semarc/number/301569 996 $6245$aDas selbstbewusste Gehirn :$bPerspektiven der Neurophilosophie$9(OLS)http://semarc/title/450851 996 $6264$aDarmstadt :$bWissenschaftliche Buchgesellschaft$9(OLS)http://semarc/publisher/32002 LEADER 01076nam a2200265 i 4500 001 000000181578 003 CaOOAMICUS 005 20090911000000.0 008 090911s2008 it u000 u ita u 013 $a159449 020 $a978-88-07-81777-9 040 $aSeMil$bita 100 1 $aOz, Amos,$d<1939-2018>.$0(OLS)http://semarc/name/53572 245 13$aLa scatola nera /$cAmos Oz ; traduzione di Elena Loewenthal. 260 $aMilano :$bFeltrinelli,$ccopyr. 2008. 300 $a230 p. ;$c20 cm. 490 0 $aUniversale economica Feltrinelli ;$v1777 700 1 $aLoewenthal, Elena,$d<1960- >.$0(OLS)http://semarc/name/4577 830 0$aUniversale economica ;$v1777.$0(OLS)http://semarc/title/11224 850 $aSeMil 852 $aSeMil$W1$xVenegono$y1$m1O I 154$j132283$B132283$CSeMilBibl$Z2$F144155 $81 961 $aOmaggio: Ghiringhelli prof. Livio 996 $6020$a978-88-07-81777-9$9(OLS)http://semarc/number/171058 996 $6245$aLa scatola nera$9(OLS)http://semarc/title/260611 996 $6260$aMilano :$bFeltrinelli$9(OLS)http://semarc/publisher/30237